Statistical techniques in business & economics / (Record no. 561)

000 -LEADER
fixed length control field 00683nam a22002297a 4500
001 - CONTROL NUMBER
control field 561
003 - CONTROL NUMBER IDENTIFIER
control field BD-DhUET
008 - FIXED-LENGTH DATA ELEMENTS--GENERAL INFORMATION
fixed length control field 140803b xxu||||| |||| 00| 0 eng d
020 ## - INTERNATIONAL STANDARD BOOK NUMBER
International Standard Book Number 9780070667075
040 ## - CATALOGING SOURCE
Transcribing agency 0
Modifying agency BD-DhUET
082 ## - DEWEY DECIMAL CLASSIFICATION NUMBER
Classification number 519.23
Item number LIN/2008
100 ## - MAIN ENTRY--PERSONAL NAME
Personal name Lind, Douglas A.
245 ## - TITLE STATEMENT
Title Statistical techniques in business & economics /
Statement of responsibility, etc. by Douglas A. Lind, William G. Marchal, Samuel A. Wathen
250 ## - EDITION STATEMENT
Edition statement 13th ed.
260 ## - PUBLICATION, DISTRIBUTION, ETC. (IMPRINT)
Place of publication, distribution, etc. New Delhi:
Name of publisher, distributor, etc. Tata McGraw-Hill,
Date of publication, distribution, etc. 2008.
300 ## - PHYSICAL DESCRIPTION
Extent xix,860p.
504 ## - BIBLIOGRAPHY, ETC. NOTE
Bibliography, etc With one CD-ROM (Acc.no.112988)
650 #0 - SUBJECT ADDED ENTRY--TOPICAL TERM
Topical term or geographic name as entry element Probabilities and random processes
700 ## - ADDED ENTRY--PERSONAL NAME
Personal name Marchal, William G.
700 ## - ADDED ENTRY--PERSONAL NAME
Personal name Wathen, Samuel A.
942 ## - ADDED ENTRY ELEMENTS (KOHA)
Koha item type General Book
Holdings
Copy number Koha out on loan Date acquired Withdrawn status Koha date last seen Koha normalized classification for sorting Koha item type Price effective from Lost status Sublocation or collection (holding branch) Damaged status Location (home branch) Koha date last borrowed Source of classification or shelving scheme Koha issues (times borrowed) Not for loan Piece designation (barcode) Koha full call number Shelving location
12023-09-242014-08-03 2023-09-10519_000000000000000_23LIN2008General Book2014-08-03 Central Library, BUET Central Library, BUET2023-09-10 6 112096519.23/LIN/2008Circulation section
2 2014-08-03 2023-10-30519_000000000000000_23LIN2008General Book2014-08-03 Central Library, BUET Central Library, BUET2023-06-07 8 112097519.23/LIN/2008Circulation section
32024-05-272014-09-29 2023-05-28519_000000000000000_23LIN2008General Book2014-09-29 Central Library, BUET Central Library, BUET2023-05-28 6 112988519.23/LIN/2008Circulation section